000 00538nam a2200181Ia 4500
003 GCL
008 140319s9999 xx 000 0 ara d
040 _aGCL /
_cGCL
082 0 4 _a811.00938
_bع ش
100 1 _aعبدالله التطاوى
245 1 0 _aالشاعر مفكرا /
_cعبدالله التطاوى
300 _a312 ص
490 _aالهيئة العامة للاستعلامات
_v0
650 0 4 _aالشعر العربى
650 0 4 _aالشعر الفلسفى
650 0 4 _aتاريخ ونقد
942 _2ddc
_cBK
999 _c47681
_d47681